The Oukhta Oil-Bearing Region; New Oil Districts of USSR and their future development

Dades bibliogràfiques
Parent link:New Oil Districts of USSR and their future development/ The Council of Petroleum Industry. The Oukhta Oil-Bearing Region.— .— Moscow: Published by the Council of Petroleum Industry, 1926
Autor principal: Obruchev S. V. Sergei Vladimirovich
Idioma:anglès
Publicat:
Matèries:
Format: MixedMaterials Llibre
KOHA link:https://koha.lib.tpu.ru/cgi-bin/koha/opac-detail.pl?biblionumber=353791

MARC

LEADER 00000nam2a2200000 4500
001 353791
005 20250114125532.0
010 |b 500 экз. 
035 |a (RuTPU)RU\TPU\retro\11048 
035 |a RU\TPU\retro\11035 
090 |a 353791 
100 |a 20200601d1926 k y0engy50 ba 
101 0 |a eng 
102 |a RU 
105 |a abf z 001zy 
181 0 |a i   |b  e  
182 0 |a n 
183 0 |a nc  |2 RDAcarrier 
200 0 |a The Oukhta Oil-Bearing Region  |f S. V. Obruchev 
203 |a Текст  |b визуальный  |c непосредственный 
215 |a 43 p.  |c with 26 figures and a map 
283 |a volume  |2 RDAcarrier 
320 |a Selected bibliography: p. 43 
461 1 |0 (RuTPU)RU\TPU\retro\11032  |9 353775  |t New Oil Districts of USSR and their future development  |f The Council of Petroleum Industry  |c Moscow  |n Published by the Council of Petroleum Industry  |d 1926  |v The Oukhta Oil-Bearing Region 
541 1 |a Ухтинский нефтеносный район  |z rus 
606 1 |a Нефтяное дело  |2 stltpush  |3 (RuTPU)RU\TPU\subj\33714  |9 55870 
610 1 |a коллекция В. А. Обручева 
610 1 |a нефть 
610 1 |a нефтеносные районы 
610 1 |a нефтеносные месторождения 
610 1 |a Ухта 
610 1 |a геология 
610 1 |a геологическое строение 
610 1 |a геологические исследования 
610 1 |a свойства 
610 1 |a орография 
610 1 |a перспективы развития 
610 1 |a разведка 
610 1 |a оценка 
610 1 |a стоимость 
610 1 |a английский язык 
675 |a 665.6  |v 4 
700 1 |a Obruchev  |b S. V.  |g Sergei Vladimirovich 
801 1 |a RU  |b 63413507  |c 20200601 
801 2 |a RU  |b 63413507  |c 20200601  |g RCR 
942 |c BK